Prevalencia výskytu rezistentných izolátov Staphylococcus aureus v odpadových vodách a stabilizovaných kaloch diplomová práca

Gespeichert in:
Bibliographische Detailangaben
1. Verfasser: Kaiserová, Jana
Format: Buch
Sprache:Slowakisch
Veröffentlicht: Bratislava STU FCHPT Jana Kaiserová
Online-Zugang:Im OPAC anzeigen
Tags: Tag hinzufügen
Keine Tags, Fügen Sie das erste Tag hinzu!

MARC

LEADER 00000nam a2200000 a 4500
005 20260127134415.0
008 160630 2016 000 0 slo d
035 |a vtls011564078 
039 9 |y 201606301048  |z mschk03 
040 |a STUSCHK1  |b slo  |c STUSCHK1  |e AACR2 
100 1 |a Kaiserová, Jana 
245 1 |a Prevalencia výskytu rezistentných izolátov Staphylococcus aureus v odpadových vodách a stabilizovaných kaloch  |b diplomová práca  |c Jana Kaiserová 
260 |a Bratislava  |b STU FCHPT  |c Jana Kaiserová 
300 |a 104 s.  |b il.  |c 25 cm 
500 |a Študijný program: výživa a hodnotenie kvality potravín 
500 |a Študijný odbor: potravinárstvo 
500 |a Školiace pracovisko: Odd. výživy a hodnotenia kvality potravín 
500 |a Evid. číslo: FCHPT-104540-43188 
910 |a SCHK95 
999 |c 12045  |d 12045